La nueva ciencia de la mente: historia de la revolución cognitiva
Uloženo v:
| Hlavní autor: | |
|---|---|
| Médium: | Kniha |
| Jazyk: | španělština |
| Vydáno: |
Barcelona
Paidos
1988
|
| Edice: | Cognición y Desarrollo Humano, 15
|
| Témata: | |
| Tagy: |
Přidat tag
Žádné tagy, Buďte první, kdo vytvoří štítek k tomuto záznamu!
|
MARC
| LEADER | 00000nam a2200000 a 4500 | ||
|---|---|---|---|
| 001 | UCX7436 | ||
| 003 | CL-VaPUC | ||
| 008 | 931210e19880000SP |||||||||||||||||spa|d | ||
| 082 | 0 | 4 | |a 006.3 |b GAR |2 21 |
| 100 | |a Gardner, Howard |e author |9 245668 | ||
| 245 | 1 | 3 | |a La nueva ciencia de la mente: historia de la revolución cognitiva |
| 300 | |a 449 p | ||
| 942 | |c BK | ||
| 945 | |d 19931210 00:00:00 |a rbrito | ||
| 260 | |a Barcelona |b Paidos |c 1988 | ||
| 650 | 7 | |a CIENCIA COGNITIVA |2 CL-VaPUC |9 324284 | |
| 650 | 7 | |a INTELIGENCIA ARTIFICIAL |2 CL-VaPUC |9 324285 | |
| 583 | |a last modification |c 19931210 00:00:00 |k Rodrigo Vera | ||
| 490 | 0 | |a Cognición y Desarrollo Humano, 15 | |
| 999 | |c 227255 |d 227253 | ||
| 952 | |0 0 |1 0 |4 0 |6 006_300000000000000_GAR_1988 |7 0 |8 A |9 226146 |a FDOPOS |b FDOPOS |d 2019-11-15 |i 3544567 |o 006.3 GAR 1988 |p 3544567 |r 2025-01-22 |w 2019-11-15 |y BK |k MLA | ||